书目信息 |
| 题名: |
杨式太极拳体用图解
|
|
| 作者: | 崔仲三 编著 | |
| 分册: | ||
| 出版信息: | 北京 北京体育大学出版社 2010 |
|
| 页数: | 12,332页 | |
| 开本: | 23cm | |
| 丛书名: | ||
| 单 册: | ||
| 中图分类: | G852.111.9 | |
| 科图分类: | ||
| 主题词: | 太极拳--套路(武术)--图解 , 太极拳 , 套路(武术) | |
| 电子资源: | ||
| ISBN: | 978-7-81051-678-5 | |
| 000 | 00976nam0 2200289 45 | |
| 001 | 1130689499 | |
| 005 | 20110310094837.75 | |
| 010 | @a978-7-81051-678-5@dCNY42.00 | |
| 100 | @a20110123e2010 ekmy0chiy0120 ea | |
| 101 | 0 | @achi |
| 102 | @aCN@b110000 | |
| 105 | @aa z 000yy | |
| 106 | @ar | |
| 200 | 1 | @a杨式太极拳体用图解@AYang Shi Tai Ji Quan Ti Yong Tu Jie@e崔毅士亲传@ECui Yi Shi Qin Zhuan@f崔仲三编著@FCui Zhong San Bian Zhu |
| 205 | @a2版 | |
| 210 | @a北京@c北京体育大学出版社@d2010 | |
| 215 | @a12,332页@d23cm | |
| 330 | @a本书运用图解的方式,对杨式太极拳的传统套路作了介绍,其内容包括预备势、起势、白鹤亮翅、手挥琵琶、左搂膝拗步、进步搬拦捶等。 | |
| 517 | 1 | @a崔毅士亲传@ACui Yi Shi Qin Zhuan |
| 606 | 0 | @a太极拳@x套路(武术)@j图解 |
| 606 | 0 | @a太极拳 |
| 606 | 0 | @a套路(武术) |
| 610 | 0 | @a杨氏太极拳 |
| 690 | @aG852.111.9@v4 | |
| 701 | 0 | @a崔仲三@ACui Zhong San@4编著 |
| 801 | 0 | @aCN@bTANGWEI@c20110310 |
| 905 | @b0531307-10@dG852.111.9@e191@f4 | |
| 杨式太极拳体用图解:崔毅士亲传/崔仲三编著.-2版.-北京:北京体育大学出版社,2010 |
| 12,332页;23cm |
| ISBN 978-7-81051-678-5:CNY42.00 |
| 本书运用图解的方式,对杨式太极拳的传统套路作了介绍,其内容包括预备势、起势、白鹤亮翅、手挥琵琶、左搂膝拗步、进步搬拦捶等。 |
| ● |
| 相关链接 |
|
|
|
|
正题名:杨式太极拳体用图解
索取号:G852.111.9/191
 
预约/预借
| 序号 | 登录号 | 条形码 | 馆藏地/架位号 | 状态 | 备注 |
| 1 | 0531307 | 205313070 | 第一样本阅览室/ [索取号:G852.111.9/191] | 在馆 | |
| 2 | 0531308 | 205313089 | 第四借阅区/ [索取号:G852.111.9/191] | 在馆 | |
| 3 | 0531309 | 205313098 | 第四借阅区/ [索取号:G852.111.9/191] | 在馆 | |
| 4 | 0531310 | 205313105 | 密集书库-体育系/ [索取号:G852.111.9/191] | 在馆 |